Statistics for Largest City By Letter

Click here to take the quiz!

General Stats

  • This quiz has been taken 846 times
    (761 since last reset)
  • The average score is 15 of 26

Answer Stats

LetterPopulationCity% Correct
T37,785,000Tokyo
91%
N21,396,000New York
85%
D31,190,000Delhi
84%
S24,042,000Shanghai
84%
J35,386,000Jakarta
83%
M25,189,000Mumbai
81%
G26,940,000Guangzhou
79%
C22,679,000Cairo
78%
X12,211,000Xi'an
73%
W10,353,000Wuhan
71%
L15,587,000Los Angeles
70%
P11,108,000Paris
69%
R12,306,000Rio de Janeiro
68%
O19,303,000Osaka
66%
I14,441,000Istanbul
65%
K21,747,000Kolkata
62%
B18,884,000Bangkok
59%
H14,953,000Ho Chi Minh City
51%
A8,006,000Ahmedabad
50%
U4,548,000Urumqi
39%
E1,186,000Edmonton
37%
Y6,426,000Yangon
34%
Z11,068,000Zhengzhou
29%
V3,229,000Varanasi
13%
F9,498,863Foshan
5%
Q6,743,000Quanzhou
4%

Score Distribution

Percentile by Number Answered

Percent of People with Each Score

Your Score History

You have not taken this quiz since the last reset